|
|
|
|
| LEADER |
00000nam0a2200000 4500 |
| 001 |
81932 |
| 005 |
20231101213212.0 |
| 010 |
|
|
|a 5884050542
|b 3000 экз.
|
| 021 |
|
|
|a RU
|b 04-76863
|9 04-3790
|
| 035 |
|
|
|a (RuTPU)RU\TPU\book\88061
|
| 090 |
|
|
|a 81932
|
| 100 |
|
|
|a 20050926d2005 km y0rusy5002 ca
|
| 101 |
0 |
|
|a rus
|
| 102 |
|
|
|a RU
|
| 105 |
|
|
|a a z 001zy
|
| 200 |
1 |
|
|a Цифровые сети доступа. Медные кабели и оборудование
|f Ю. А. Парфенов, Д. Г. Мирошников
|
| 210 |
|
|
|a Москва
|c НАТЕКС
|c Эко-Трендз
|d 2005
|
| 215 |
|
|
|a 286 с.
|c ил.
|d 23 см.
|
| 225 |
1 |
|
|a Инженерная энциклопедия.Технологии Электронных Коммуникаций
|
| 320 |
|
|
|a Библиогр.: с. 283-285.
|
| 320 |
|
|
|a Список сокращений: с. 279-282.
|
| 330 |
|
|
|a В книге рассматриваются вопросы организации цифровых сетей доступа в структуре Единой сети электросвязи Российской Федерации (ЕСЭ РФ). Особое внимание уделено комплексному подходу к вопросам проектирования, строительства и эксплуатации местных сетей связи. Рассматриваются технические возможности оборудования цифрового уплотнения xDSL и параметры кабельных линий, обеспечивающих условия совместной работы цифрового оборудования с разными кодами. Приведены результаты экспериментальных исследований, даны типовые схемы использования линий, находящихся в эксплуатации, и новых конструкций кабелей в качестве транспортных и абонентских цифровых сетей доступа. Книга предназначена для широкого круга специалистов, занимающихся проектированием, внедрением и эксплуатацией оборудования и кабелей на местных сетях ЕСЭ РФ.
|
| 606 |
1 |
|
|a Каналы связи
|x Аппаратура
|2 stltpush
|3 (RuTPU)RU\TPU\subj\13716
|9 40286
|
| 610 |
1 |
|
|a электросвязь
|
| 610 |
1 |
|
|a сети доступа
|
| 610 |
1 |
|
|a DSL
|
| 610 |
1 |
|
|a городские тепловые сети
|
| 610 |
1 |
|
|a ГТС
|
| 610 |
1 |
|
|a кабельные линии
|
| 610 |
1 |
|
|a сельская связь
|
| 610 |
1 |
|
|a междугородная связь
|
| 610 |
1 |
|
|a зональная связь
|
| 610 |
1 |
|
|a цифровые сети
|
| 610 |
1 |
|
|a типовые схемы
|
| 610 |
1 |
|
|a кроссы
|
| 610 |
1 |
|
|a проектирование
|
| 610 |
1 |
|
|a строительство
|
| 610 |
1 |
|
|a эксплуатация
|
| 675 |
|
|
|a 621.39.052.002
|v 3
|z rus
|
| 700 |
|
1 |
|a Парфенов
|b Ю. А.
|g Юрий Алексеевич
|
| 701 |
|
1 |
|a Мирошников
|b Д. Г.
|g Дмитрий Геннадьевич
|
| 801 |
|
0 |
|a RU
|b RKP
|c 20050120
|g PSBO
|
| 801 |
|
1 |
|a RU
|b 63413507
|c 20050926
|g PSBO
|
| 801 |
|
2 |
|a RU
|b 63413507
|c 20130925
|g PSBO
|
| 942 |
|
|
|c BK
|